Billie Eilish - WHEN WE ALL FALL ASLEEP, WHERE DO WE GO? - Statistics

General Stats
  • This quiz has been taken 79 times
    34 since last reset
  • The average score is 10 of 18
Answer Stats
2019 WHEN WE ALL FALL ASLEEP, WHERE DO WE GO? % Correct
2 bad guy
96%
13 i love you
80%
12 listen before i go
80%
3 xanny
80%
8 8
76%
5 all the good girls go to hell
76%
14 goodbye
76%
7 when the party's over
72%
6 wish you were gay
72%
4 you should see me in a crown
72%
10 bury a friend
68%
11 ilomilo
68%
9 my strange addiction
56%
1 !!!!!!!
20%
17 everything i wanted
20%
16 WHEN I WAS OLDER
12%
18 bad guy (with Justin Bieber)
8%
15 come out and play
8%
No matching quizzes found
Score Distribution
Percent of People with Each Score
Percentile by Number Answered
Your Score History
You have not taken this quiz since the last reset